| 000 | 00748nam a22001937a 4500 | ||
|---|---|---|---|
| 999 |
_c169746 _d169746 |
||
| 005 | 20191202131141.0 | ||
| 010 | _aUR-10645 | ||
| 020 |
_c250.00 _a9789389002157 |
||
| 035 | _aU-9200 | ||
| 037 |
_bDBAD/PUB _a- |
||
| 082 | _a920.270 | ||
| 100 | _aمحمد حفظ ا لر حما ن | ||
| 245 |
_aحضر ت ر ا بعہ بصر ی :حا لا ت ز ند گی ا و ر تصو ف _cمحمد حفظ ا لر حما ن |
||
| 246 |
_bHazrat Rabia Basri:Halat-e-Zindagi Aur Tassawwuf (Urdu) _aby Hifzur Rahman |
||
| 260 |
_aDelhi _bEducational Publishing House _c2019 ء |
||
| 270 |
_a3191,Vakil Street, Kucha Pandit,Lal Kuan, _bDelhi _e110006 _k01123216162 _l- |
||
| 300 |
_a244ص _c22 Cm(Hb) |
||
| 942 |
_2ddc _cUR _h920.270 _mم ح م |
||